书目信息 |
| 题名: |
美国的外国主权豁免理论与实践
|
|
| 作者: | 李庆明, 著 | |
| 分册: | ||
| 出版信息: | 北京 人民日报出版社 2021.12 |
|
| 页数: | 357页 | |
| 开本: | 24cm | |
| 丛书名: | ||
| 单 册: | ||
| 中图分类: | D971.221.3 , D971.2 | |
| 科图分类: | ||
| 主题词: | 豁免权--huo mian quan--研究--美国 | |
| 电子资源: | ||
| ISBN: | 978-7-5115-7148-9 | |
| 000 | 01099nam0 2200253 450 | |
| 001 | 26273 | |
| 005 | 20220920084751.68 | |
| 010 | @a978-7-5115-7148-9@dCNY69.00 | |
| 100 | @a20220119d2021 em y0chiy50 ea | |
| 101 | 0 | @achi |
| 102 | @aCN@b110000 | |
| 105 | @ay a 000yy | |
| 200 | 1 | @a美国的外国主权豁免理论与实践@Amei guo de wai guo zhu quan huo mian li lun yu shi jian@f李庆明著 |
| 210 | @a北京@c人民日报出版社@d2021.12 | |
| 215 | @a357页@d24cm | |
| 314 | @a李庆明, 就职于中国社会科学院国际法研究所, 现任副研究员、国际私法研究室副主任。 | |
| 320 | @a有书目 (第342-355页) | |
| 330 | @a本书在概要介绍美国外国主权豁免立法史和框架结构等问题后, 接着介绍哪些主体可以主张主权豁免, 然后分析对人管辖权问题, 讨论主权豁免诉讼中的其他程序规则、法律选择规则及缺席判决问题, 重点论述管辖豁免例外及执行豁免例外。本书可以为从事涉外业务的理论界和实务界人士提供新的资料、视角和启发。 | |
| 606 | 0 | @a豁免权@Ahuo mian quan@x研究@y美国 |
| 690 | @aD971.221.3@v5 | |
| 690 | @aD971.2@v4 | |
| 701 | 0 | @a李庆明,@Ali qing ming@f1983-@4著 |
| 801 | 0 | @aCN@c20220910 |
| 905 | @a河南城建学院图书馆@dD971.2@eL234@f2 | |
| 美国的外国主权豁免理论与实践/李庆明著.-北京:人民日报出版社,2021.12 |
| 357页;24cm |
| ISBN 978-7-5115-7148-9:CNY69.00 |
| 本书在概要介绍美国外国主权豁免立法史和框架结构等问题后, 接着介绍哪些主体可以主张主权豁免, 然后分析对人管辖权问题, 讨论主权豁免诉讼中的其他程序规则、法律选择规则及缺席判决问题, 重点论述管辖豁免例外及执行豁免例外。本书可以为从事涉外业务的理论界和实务界人士提供新的资料、视角和启发。 |
| ● |
| 相关链接 |
|
|
|
正题名:美国的外国主权豁免理论与实践
索取号:D971.2/L234
 
预约/预借
| 序号 | 登录号 | 条形码 | 馆藏地/架位号 | 状态 | 备注 |
| 1 | 1577207 | 215772073 | 社科库509/509社科库 108排1列4层/ [索取号:D971.2/L234] | 在馆 | |
| 2 | 1577208 | 215772082 | 社科库509/509社科库 108排1列4层/ [索取号:D971.2/L234] | 在馆 |